| 000 -LEADER |
| fixed length control field |
00750cam a2200277 a 4500 |
| 001 - CONTROL NUMBER |
| control field |
14253703 |
| 003 - CONTROL NUMBER IDENTIFIER |
| control field |
OSt |
| 005 - DATE AND TIME OF LATEST TRANSACTION |
| control field |
20230914131813.0 |
| 008 - FIXED-LENGTH DATA ELEMENTS--GENERAL INFORMATION |
| fixed length control field |
060202s2005 enk 000 0 eng |
| 010 ## - LIBRARY OF CONGRESS CONTROL NUMBER |
| LC control number |
2006372925 |
| 020 ## - INTERNATIONAL STANDARD BOOK NUMBER |
| International Standard Book Number |
041377547X |
| 020 ## - INTERNATIONAL STANDARD BOOK NUMBER |
| International Standard Book Number |
9780413775474 |
| 035 ## - SYSTEM CONTROL NUMBER |
| System control number |
(CaONFJC)ct4732772 |
| 040 ## - CATALOGING SOURCE |
| Original cataloging agency |
DLC |
| Transcribing agency |
DLC |
| Modifying agency |
DLC |
| -- |
KH8 |
| 082 ## - DEWEY DECIMAL CLASSIFICATION NUMBER |
| Classification number |
822.92 STE |
| 100 1# - MAIN ENTRY--PERSONAL NAME |
| Personal name |
Stephens, Simon, |
| Dates associated with a name |
1971- |
| Relator term |
author. |
| 240 10 - UNIFORM TITLE |
| Uniform title |
Plays. |
| Form subheading |
Selections |
| 245 10 - TITLE STATEMENT |
| Title |
Plays, 1 / |
| Statement of responsibility, etc. |
Simon Stephens. |
| 246 3# - VARYING FORM OF TITLE |
| Title proper/short title |
Plays, one |
| 260 ## - PUBLICATION, DISTRIBUTION, ETC. |
| Place of publication, distribution, etc. |
London : |
| Name of publisher, distributor, etc. |
Methuen, |
| Date of publication, distribution, etc. |
2005. |
| 300 ## - PHYSICAL DESCRIPTION |
| Extent |
xiii, 338 p. ; |
| Dimensions |
20 cm. |
| 490 0# - SERIES STATEMENT |
| Series statement |
Methuen drama |
| 490 0# - SERIES STATEMENT |
| Series statement |
Methuen contemporary dramatists |
| 505 0# - FORMATTED CONTENTS NOTE |
| Formatted contents note |
Bluebird -- Christmas -- Herons -- Port. |
| 942 ## - ADDED ENTRY ELEMENTS (KOHA) |
| Source of classification or shelving scheme |
|
| Koha item type |
Teaching Resources |